<?xml version="1.0" encoding="UTF-8"?>
<collection xmlns="http://www.loc.gov/MARC21/slim">
  <record>
    <leader>00000nam  2200000   4500</leader>
    <controlfield tag="001">INLIS000000000061759</controlfield>
    <controlfield tag="005">20221108014042</controlfield>
    <datafield tag="035" ind1="#" ind2="#">
      <subfield code="a">0010-1122000140</subfield>
    </datafield>
    <controlfield tag="007">ta</controlfield>
    <controlfield tag="008">221108###########################0######</controlfield>
    <datafield tag="082" ind1="#" ind2="#">
      <subfield code="a">315.959 863 11</subfield>
    </datafield>
    <datafield tag="084" ind1="#" ind2="#">
      <subfield code="a">315.959 863 11 KOT j</subfield>
    </datafield>
    <datafield tag="245" ind1="1" ind2="#">
      <subfield code="a">Jurnal kegiatan pimpinan Daerah Edisi III  (Mei-Agustus 2021)</subfield>
    </datafield>
    <datafield tag="260" ind1="#" ind2="#">
      <subfield code="a">Mataram :</subfield>
      <subfield code="b">Bagian Protokol dan Komunikasi  Pimpinan Setda Kota Mataram,</subfield>
      <subfield code="c">2020</subfield>
    </datafield>
    <datafield tag="300" ind1="#" ind2="#">
      <subfield code="a">V, 15 halaman :</subfield>
      <subfield code="b">Ilustrasi ;</subfield>
      <subfield code="c">18 cm</subfield>
    </datafield>
    <datafield tag="650" ind1="#" ind2="4">
      <subfield code="a">Pemerintah Daerah - Kota Mataram - Dalam Gambar</subfield>
    </datafield>
    <datafield tag="110" ind1="#" ind2="#">
      <subfield code="a">Kota Mataram. Sekertariat Daerah</subfield>
    </datafield>
    <datafield tag="990" ind1="#" ind2="#">
      <subfield code="a">27842784</subfield>
    </datafield>
    <datafield tag="990" ind1="#" ind2="#">
      <subfield code="a">463/51/2022</subfield>
    </datafield>
  </record>
</collection>
